My pilgrimage to the spirit (Record no. 516039)

000 -LEADER
fixed length control field 00255nam a2200097 4500
082 ## - DEWEY DECIMAL CLASSIFICATION NUMBER
Classification number TNC AB45 P272
245 ## - TITLE STATEMENT
Title My pilgrimage to the spirit
260 ## - PUBLICATION, DISTRIBUTION, ETC. (IMPRINT)
Place of publication, distribution, etc Ahmadabad
Name of publisher, distributor, etc Gift publication
Date of publication, distribution, etc 1977
300 ## - PHYSICAL DESCRIPTION
Extent 176p.
650 ## - SUBJECT ADDED ENTRY--TOPICAL TERM
Topical term or geographic name as entry element Pilgrims and pilgrimages
9 (RLIN) 22347
Holdings
Withdrawn status Lost status Source of classification or shelving scheme Damaged status Koha normalized classification for sorting Not for loan Permanent location Current location Date acquired Full call number Barcode Date last seen Price effective from Koha item type
        TNC_AB45_P272   Indian Institute of Public Administration Indian Institute of Public Administration 2021-02-16 TNC AB45 P272 GR22766 2021-02-16 2021-02-16 GR

Powered by Koha